Biologie a nemoci dětí /

Hlavní autor: Kikalová, Kateřina, 1968-
Korporativní autor: Univerzita Palackého
Další autoři: Kopecký, Miroslav
Jazyk: Čeština
Vydáno: Olomouc : Univerzita Palackého v Olomouci, 2014
Vydání: 1. vyd.
Edice: Studijní opora
Témata:
Fyzický popis: 69 s. ; 29 cm
Knihy
Uloženo v:
LEADER 01890nam a2200457 a 4500
001 nkc20142587922
003 CZ PrNK
005 20140529154833.0
007 ta
008 140430s2014 xr e p 000 0 cze
015 |a cnb002587922 
020 |a 978-80-244-4020-0  |q (brož.) :  |c neprodejné 
035 |a (OCoLC)880869685 
040 |a OLA001  |b cze  |d ABA001 
072 7 |a 616-053.2  |x Pediatrie  |2 Konspekt  |9 14 
072 7 |a 37.016  |x Učební osnovy. Vyučovací předměty. Učebnice  |2 Konspekt  |9 22 
080 |a 616.1/.9-053.2  |2 MRF 
080 |a 616-053.2  |2 MRF 
080 |a (07)  |2 MRF 
100 1 |a Kikalová, Kateřina,  |d 1968-  |7 xx0154794  |4 aut 
245 1 0 |a Biologie a nemoci dětí /  |c Kateřina Kikalová, Miroslav Kopecký 
250 |a 1. vyd. 
260 |a Olomouc :  |b Univerzita Palackého v Olomouci,  |c 2014 
300 |a 69 s. ;  |c 29 cm 
490 1 |a Studijní opora 
504 |a Obsahuje bibliografii 
521 8 |a Určeno studentům prezenčního, kombinovaného i distančního studia a učitelům v pedagogické praxi, kteří si rozšiřují odborně-pedagogické znalosti a praktické dovednosti v rámci dalšího vzdělávání v postgraduálním studiu. Může být i vhodnou pomůckou pro učitele základních a středních škol 
650 0 7 |a nemoci u dětí  |7 ph134932  |2 czenas 
650 0 7 |a pediatrie  |7 ph115705  |2 czenas 
650 0 9 |a diseases of children  |2 eczenas 
650 0 9 |a pediatrics  |2 eczenas 
655 7 |a učební texty  |7 fd133599  |2 czenas 
655 9 |a educational texts  |2 eczenas 
700 1 |a Kopecký, Miroslav  |7 ola2004231482  |4 aut 
710 2 |a Univerzita Palackého  |7 kn20010709130 
810 2 |a Univerzita Palackého.  |t Studijní opory  |0 s 
910 2 |a BOA001  |b 4-1325.881 
990 |a BK 
995 |a 01 
991 |b 201405  |c NOV  |e n 
996 6 |b 2610590789  |c 4-1325.881  |l MZK  |r Sklad / do 1 hodiny  |n 2  |p p.v.  |w 001419988  |u 000010  |a 1  |e BOA001  |j MZK50  |s P